| 000 | 005630000a22001810004500 | ||
|---|---|---|---|
| 003 | MACL | ||
| 005 | 20160213172529.0 | ||
| 008 | 160213b xxu||||| |||| 00| 0 eng d | ||
| 040 |
_aMACL _cMACL |
||
| 041 | _aHindi | ||
| 082 | _a330 | ||
| 100 |
_aनाम डॉ. दयाशंकर _938266 |
||
| 245 | _aआर्थिक शोध-सार | ||
| 260 |
_bमध्यप्रदेश हिन्दी ग्रन्थ अकादमी _c1971 _aभोपाल |
||
| 350 | _a5 | ||
| 650 |
_aEconomics _938267 |
||
| 942 |
_cHIN _k330 _2ddc |
||
| 999 |
_c26046 _d26046 |
||